LEADER 01432nam--2200421---450- 001 990000368210203316 005 20091214150216.0 010 $a88-13-21090-6 035 $a0036821 035 $aUSA010036821 035 $a(ALEPH)000036821USA01 035 $a0036821 100 $a20010321d1998----km-y0itay0103----ba 101 $ait 102 $aITA 105 $a||||||||001yy 200 1 $aSicurezza e salute dei lavoratori sul luogo di lavoro$e<> soggetti passivi, informazione e formazione, attivitą di vigilanza$fFrancesco Bacchini 210 $aPadova$cCEDAM$d1998 215 $aVI, 196 p.$d24 cm 225 2 $aStudi di diritto del lavoro$v11 410 $aStudi di diritto del lavoro$12001 461 1$1001-------$12001 606 0 $aIgiene del lavoro$xLegislazione 606 $aInfortuni sul lavoro$xPrevenzione 676 $a344.450465 700 1$aBACCHINI,$bFrancesco$0279335 801 0$aIT$bsalbc$gISBD 912 $a990000368210203316 951 $aXXV.2. Coll. 3/ 7 (COLL. HNO 11)$b19870 G$cXXV.2. Coll. 3/ 7 (COLL. HNO)$d00212881 959 $aBK 969 $aGIU 979 $aPATTY$b90$c20010321$lUSA01$h1419 979 $c20020403$lUSA01$h1644 979 $aPATRY$b90$c20040406$lUSA01$h1625 979 $aRSIAV4$b90$c20091214$lUSA01$h1502 979 $aFIORELLA$b90$c20140219$lUSA01$h1401 996 $aSicurezza e salute dei lavoratori sul luogo di lavoro$9198213 997 $aUNISA LEADER 03541nam 2200697Ia 450 001 9910783643903321 005 20230617040054.0 010 $a1-281-34780-9 010 $a9786611347802 010 $a981-256-573-6 035 $a(CKB)1000000000247254 035 $a(EBL)239627 035 $a(OCoLC)475950995 035 $a(SSID)ssj0000215663 035 $a(PQKBManifestationID)11166461 035 $a(PQKBTitleCode)TC0000215663 035 $a(PQKBWorkID)10194351 035 $a(PQKB)11455179 035 $a(MiAaPQ)EBC239627 035 $a(WSP)00005485 035 $a(Au-PeEL)EBL239627 035 $a(CaPaEBR)ebr10091213 035 $a(CaONFJC)MIL134780 035 $a(OCoLC)62512572 035 $a(EXLCZ)991000000000247254 100 $a20041011d2004 uy 0 101 0 $aeng 135 $aur|n|---||||| 181 $ctxt 182 $cc 183 $acr 200 00$aOptical microcavities$b[electronic resource] /$fedited by Kerry Vahala 210 $aSingapore $cWorld Scientific$d2004 215 $a1 online resource (517 p.) 225 1 $aAdvanced series in applied physics ;$vv. 1 300 $aDescription based upon print version of record. 311 $a981-238-775-7 320 $aIncludes bibliographical references. 327 $aPreface; CONTENTS; Chapter 1. Optical Resonators and Filters H. A. Haus, M. A. Popovie, M. R. Watts, C. Manolatou, B. E. Little and S. T. Chu; Chapter 2. Microfabricated Optical Cavities and Photonic Crystals M. Loncar and A. Scherer; Chapter 3. Semiconductor Lasers for Telecommunications T. L. Koch; Chapter 4. Cavity-Enhanced Single Photons from a Quantum Dot J. Vuckovic, C. Santori, D. Fattal, M. Pelton, G. S. Solomon and Y. Yamamoto 327 $aChapter 5. Fabrication, Coupling and Nonlinear Optics of Ultra-High-Q Micro-Sphere and Chip-Based Toroid Microcavities T. J. Kippenberg, S. M. Spillane, D. K. Armani, B. Man, L. Yang and K. J. VahalaChapter 6. Nonlinear Optical Properties of Semiconductor Quantum Wells inside Microcavities T. Meier, C. Sieh, S. W. Koch, Y.-S. Lee, T. B. Norris, F. Jahnke, G. Khitrova and H. M. Gibbs; Chapter 7. Polymer Microring Resonators P. Rabiei and W. H. Steier 327 $aChapter 8. Atoms in Microcavities: Quantum Electrodynamics, Quantum Statistical Mechanics, and Quantum Information Science A . C. Doherty and H. MabuchiChapter 9. Progress in Asymmetric Resonant Cavities: Using Shape as a Design Parameter in Dielectric Microcavity Lasers H. G. L. Schwefel, H. E. Tureci, A . D. Stone and R. K. Chang; Index 330 $aOptical microcavities are structures that enable confinement of lightto microscale volumes. The universal importance of these structureshas made them indispensable to a wide range of fields. This importantbook describes the many applications and the related physics,providing both a review and a tutorial of key subjects by leadingresearchers from each field. 410 0$aAdvanced series in applied physics ;$vv. 1. 606 $aLasers 606 $aElectrooptics 606 $aQuantum electrodynamics 606 $aElectromagnetic interactions 615 0$aLasers. 615 0$aElectrooptics. 615 0$aQuantum electrodynamics. 615 0$aElectromagnetic interactions. 676 $a530.1433 676 $a621.36/6 701 $aVahala$b Kerry$01465978 801 0$bMiAaPQ 801 1$bMiAaPQ 801 2$bMiAaPQ 906 $aBOOK 912 $a9910783643903321 996 $aOptical microcavities$93676233 997 $aUNINA LEADER 01652nam0 22003973i 450 001 MIL0715124 005 20251003044236.0 010 $a013156174X 100 $a20110919d2007 ||||0itac50 ba 101 | $aeng$ceng 102 $aus 181 1$6z01$ai $bxxxe 182 1$6z01$an 183 1$6z01$anc$2RDAcarrier 200 1 $aDynamics of structures$etheory and applications to earthquake engineering$fAnil K. Chopra 205 $a3. ed 210 $aUpper Saddle River$cPrentice Hall$d©2007 215 $aXXXIV, 876 p.$cill.$d24 cm. 225 | $aPrentice Hall international series in civil engineering and engineering mechanics 410 0$1001MIL0041119$12001 $aPrentice Hall international series in civil engineering and engineering mechanics 500 10$aDynamics of structures$3PUV1204227$9CFIV035453$933699 606 $aCostruzioni antisismiche$2FIR$3CFIC001745$9E 606 $aStrutture$xDinamica$2FIR$3CFIC005679$9E 676 $a624.1$9INGEGNERIA STRUTTURALE E TECNICA DELLE COSTRUZIONI SOTTERRANEE$v14 676 $a624.1762$9Analisi e progettazione strutturale. Ingegneria antisismica$v22 696 $aDinamica (fisica) 699 $aDinamica$yDinamica (fisica) 700 1$aChopra$b, Anil K.$3CFIV035453$4070$09326 801 3$aIT$bIT-000000$c20110919 850 $aIT-BN0095 901 $bNAP 01$cSALA DING $n$ 912 $aMIL0715124 950 0$aBiblioteca Centralizzata di Ateneo$c1 v.$d 01SALA DING 624.1 CHO.dy$e 0102 0000086955 VMA A4 1 v.$fY $h20110919$i20110919 977 $a 01 996 $aDynamics of structures$933699 997 $aUNISANNIO